000 00243nam a2200109Ia 4500
005 20251222154344.0
008 251222s9999||||xx |||||||||||||| ||spa||
020 _a1-56027-409-3
082 _a629.13/A79
245 0 _aFar/Amt 2001
942 _cLIB
999 _c34638
_d34638